| 000 | 00359nam a2200121Ia 4500 | ||
|---|---|---|---|
| 008 | 180925s9999 xx 000 0 und d | ||
| 020 | _a9789814716239 | ||
| 100 | _aIacobucci, Dawn. | ||
| 245 |
_cDawn Iacobucci.-- _aMarketing management / |
||
| 260 |
_aPhilippines : _bCengage learning _c2015 |
||
| 300 | _axiii, 335 pages. | ||
| 650 | _aMarketing -- management. | ||
| 999 |
_c358855 _d358855 |
||